[Event "GBR-ch Major 106th"]
[Site "Torquay"]
[Date "2019.07.28"]
[Round "2"]
[White "Renshaw, Lucas"]
[Black "Sugden, John N"]
[Result "0-1"]
[WhiteElo "1596"]
[BlackElo "2068"]
[PlyCount "90"]
[EventDate "2019.07.27"]
[EventType "swiss"]
[EventRounds "9"]
[EventCountry "ENG"]
[SourceTitle "EXT 2020"]
[Source "ChessBase"]
[SourceDate "2019.10.17"]
[SourceVersion "1"]
[SourceVersionDate "2019.10.17"]
[SourceQuality "1"]

1. e4 c6 2. d4 d5 3. f3 e6 4. Nc3 Nf6 5. e5 Nfd7 6. f4 c5 7. Nf3 Nc6 8. Be3 cxd4 9. Nxd4 Bc5 10. Qd2 a6 11. Be2 Nxd4 12. Bxd4 Bxd4 13. Qxd4 Qb6 14. Qxb6 Nxb6 15. a4 Bd7 16. a5 Nc8 17. Bd3 Ne7 18. Kf2 Rc8 19. Ne2 0-0 20. Ke3 Nc6 21. Nd4 f6 22. Nxc6 Bxc6 23. Rhf1 fxe5 24. fxe5 d4+ 25. Kxd4 Rfd8+ 26. Ke3 Bxg2 27. Rf2 Bd5 28. Rf4 Rc5 29. b4 Rc7 30. Raf1 Re7 31. c4 Bc6 32. R1f2 Red7 33. Bf1 Rd1 34. b5 axb5 35. cxb5 Re1+ 36. Re2 Rxf1 37. Rxf1 Bxb5 38. Rb1 Bxe2 39. Kxe2 Rd5 40. Rxb7 Rxe5+ 41. Kf3 Rxa5 42. Kf4 Rf5+ 43. Kg4 h5+ 44. Kg3 Kh7 45. Kh4 Kg6 0-1